| 000 | 00883nam a2200205Ii 4500 | ||
|---|---|---|---|
| 003 | JO-AjNU | ||
| 008 | 230605s9999||||xx |||||||||||||| ||und|| | ||
| 040 |
_aJO-AjNU _bara _erda _cJO-AjNU |
||
| 041 | _aara | ||
| 050 | 1 | 4 | _aHQ1784 2012 |
| 100 | 3 |
_aجامعة الدول العربية. المنظمة العربية للتنمية الإدارية, _eauthor _934415 |
|
| 245 | 0 | 0 | _aالمرأة العربية في الحياة العامة والسياسية |
| 264 | 3 | 1 | _aالقاهرة: المنظمة العربية للتنمية الادارية، 2012 |
| 300 |
_a308ص _bبحوث واوراق عمل |
||
| 336 |
_atext _btxt _2rdacontent |
||
| 337 |
_aunmediated _bn _2rdamedia |
||
| 338 |
_avolume _bnc _2rdacarrier |
||
| 490 | 0 | _aاعمال مؤتمرات | |
| 650 | 4 |
_aالمرأة في الحياة العامة - المرأة في الحياة السياسية _934416 |
|
| 999 |
_aA14109 _c17677 _d17677 |
||